Statistics for Τρόφιμα στα Αγγλικά

Click here to take the quiz!

General Stats

  • This quiz has been taken 211 times
  • The average score is 21 of 22

Answer Stats

ΑγγλικάΕλληνικά% Correct
WaterΝερό
100%
EggΑυγό
100%
CoffeeΚαφές
99%
JuiceΧυμός
99%
FishΨάρι
99%
PotatoΠατάτα
99%
TomatoΝτομάτα
99%
CheeseΤυρί
99%
AppleΜήλο
98%
LemonΛεμόνι
98%
MilkΓάλα
98%
HoneyΜέλι
98%
SugarΖάχαρη
98%
WineΚρασί
98%
ButterΒούτυρο
97%
BeerΜπύρα
97%
StrawberryΦράουλα
97%
CherryΚεράσι
96%
DuckΠάπια
96%
FlourΑλεύρι
95%
JamΜαρμελάδα
93%
MushroomΜανιτάρι
90%

Score Distribution

Percentile by Number Answered

Percent of People with Each Score

Your Score History

You have not taken this quiz